000 00475nam a2200193Ia 4500
005 20220531141426.0
008 131103s9999 xx 000 0 und d
020 _a893753688
040 _aLoreto College
041 _aEnglish
082 _aF
_bKEL
100 _aKeller,Helen
245 4 _aThe story of my life
_cHelen Keller
260 _aNew Jersey
_bA Watermill Classic
_c1980
300 _a152 p.
650 _aFiction in English
850 _aLCLIB
942 _cBK
999 _c14692
_d65171